Влияние концентрации BN и MWСNT на полиморфное превращение в матрице Y-TZP при разрушении; Современные материалы и технологии новых поколений

Dades bibliogràfiques
Parent link:Современные материалы и технологии новых поколений.— 2019.— [С. 36-38]
Autor principal: Мартышина И. П.
Autor corporatiu: Национальный исследовательский Томский политехнический университет
Altres autors: Буяков А. С. Алесь Сергеевич, Ткачев Д. А.
Sumari:Заглавие с экрана
Idioma:rus
Publicat: 2019
Col·lecció:Проблемы надежности материалов
Matèries:
Accés en línia:http://earchive.tpu.ru/handle/11683/56905
Format: MixedMaterials Electrònic Capítol de llibre
KOHA link:https://koha.lib.tpu.ru/cgi-bin/koha/opac-detail.pl?biblionumber=630470

MARC

LEADER 00000naa2a2200000 4500
001 630470
005 20231102024450.0
035 |a (RuTPU)RU\TPU\conf\31548 
035 |a RU\TPU\conf\31528 
090 |a 630470 
100 |a 20191112d2019 k y0rusy50 ca 
101 0 |a rus  |e rus 
102 |a RU 
105 |a y z 101zy 
135 |a drgn ---uucaa 
181 0 |a i  
182 0 |a b 
200 1 |a Влияние концентрации BN и MWСNT на полиморфное превращение в матрице Y-TZP при разрушении  |f И. П. Мартышина, А. С. Буяков, Д. А. Ткачев 
203 |a Текст  |c электронный 
225 1 |a Проблемы надежности материалов 
230 |a 1 компьютерный файл (pdf; 545 Кб) 
300 |a Заглавие с экрана 
320 |a [Библиогр.: с. 38 (4 назв.)] 
463 0 |0 (RuTPU)RU\TPU\conf\31468  |t Современные материалы и технологии новых поколений  |o сборник научных трудов II Международного молодежного конгресса, г. Томск, 30 сентября - 5 октября 2019 г.  |f Национальный исследовательский Томский политехнический университет, Инженерная школа новых производственных технологий ; под ред. А. Н. Яковлева [и др.]  |v [С. 36-38]  |d 2019 
610 1 |a электронный ресурс 
610 1 |a труды учёных ТПУ 
610 1 |a концентрация 
610 1 |a полиморфные превращения 
610 1 |a матрицы 
610 1 |a разрушение 
610 1 |a керамические материалы 
610 1 |a трещиностойкость 
610 1 |a дефекты 
700 1 |a Мартышина  |b И. П. 
701 1 |a Буяков  |b А. С.  |c специалист в области материаловедения  |c ассистент кафедры Томского политехнического университета  |f 1992-  |g Алесь Сергеевич  |2 stltpush  |3 (RuTPU)RU\TPU\pers\39739 
701 1 |a Ткачев  |b Д. А. 
712 0 2 |a Национальный исследовательский Томский политехнический университет  |c (2009- )  |2 stltpush  |3 (RuTPU)RU\TPU\col\15902  |9 26305 
801 2 |a RU  |b 63413507  |c 20191118  |g RCR 
856 4 |u http://earchive.tpu.ru/handle/11683/56905 
942 |c BK